Multifunkčná telocvičňa

Uložené v:
Podrobná bibliografia
Hlavný autor: Albert, Filip (Autor)
Ďalší autori: Pavúk, Ján (Vedúci práce)
Médium: Rukopis Kniha
Jazyk:Slovak
Vydavateľské údaje: Bratislava 2019
Predmet:
On-line prístup:http://is.stuba.sk/zp/portal_zp.pl?podrobnosti=128076
Tagy: Pridať tag
Žiadne tagy, Buďte prvý, kto otaguje tento záznam!

MARC

LEADER 00000ntm a22000003a 4500
001 stuzp74218
003 SK-STU
005 20200916104011.9
007 ta
008 150427s2015----xo-----f-mn---000-0-slo-d
040 |a STU  |b slo 
041 0 |a slo 
100 1 |a Albert, Filip  |u 051110  |4 aut  |U FAD Fakulta architektúry  |T FA Ústav architektúry obytných budov  |X 82328  |U A1110  |Y 392  |7 82328 
242 0 1 |a Multifunction Gym  |y eng 
245 1 0 |a Multifunkčná telocvičňa 
260 |c 2019  |a Bratislava 
650 4 |a multifunkčná telocvičňa  |2 slo 
650 4 |a športová hala  |2 slo 
650 4 |a Mladá Garda  |2 slo 
650 4 |a multifunctional gym  |2 eng 
650 4 |a Mladá Garda  |2 eng 
650 4 |a gym  |2 eng 
700 1 |a Pavúk, Ján  |u 051110  |k Z1  |4 ths  |U FAD Fakulta architektúry  |T FA Ústav architektúry obytných budov  |X 38065  |U A1110  |Y 392  |7 A000038065 
856 4 |u http://is.stuba.sk/zp/portal_zp.pl?podrobnosti=128076  |u https://opac.crzp.sk/?fn=detailBiblioForm&sid=819BE1355532A4D317106DAB1E91